Countries with Wolves - Statistics

General Stats
  • This quiz has been taken 18 times
  • The average score is 49 of 58
Answer Stats
Sub-Species Answer % Correct
Northwestern Wolf C.L. OccidentalisEastern Wolf C. L. Lycaon Great Plains Wolf C. L. Nubilus Arctic Wolf C. L. Arctos Canada
100%
Himalayan Wolf C. L. ChancoTibetan Wolf C. L. Filchneri China
100%
Steppe Wolf C. L. CamepstrisTundra Wolf C. L. Albus Eurasian Wolf C. L. Lupus Himalayan Wolf C. L. Chanco Russia
100%
Italian Wolf C. L. Italicus France
94%
Indian Wolf C. L. PallipesTibetan Wolf C. L. Filchneri India
94%
Italian Wolf C. L. Italicus Italy
94%
Indian Wolf C. L. PallipesArabian Wolf C. L. Arab Jordan
94%
Tibetan Wolf C. L. Filchneri Nepal
94%
Iberian Wolf C. L. Signatus Portugal
94%
Arabian Wolf C. L. Arab Saudi Arabia
94%
Iberian Wolf C. L. SignatusItalian Wolf C. L. Italicus Spain
94%
Steppe Wolf C. L. Camepstris Ukraine
94%
Northwestern Wolf C.L. OccidenatlisEastern Wolf C. L. Lycaon Mexican Wolf C. L. Baileyi Red Wolf C. L. Rufus Great Plains Wolf C. L. Nubilus United States
94%
Eurasian Wolf C. L. Lupus Albania
88%
Eurasian Wolf C. L. Lupus Croatia
88%
Arctic Wolf C. L. Arctos Denmark (Greenland)
88%
Steppe Wolf C. L. CamepstrisIndian Wolf C. L. Pallipes Iran
88%
Indian Wolf C. L. Pallipes Iraq
88%
Eurasian Wolf C. L. Lupus Latvia
88%
Eurasian Wolf C. L. Lupus Lithuania
88%
Eurasian Wolf C. L. LupusHimalayan Wolf C. L. Chanco Mongolia
88%
Steppe Wolf C. L. CamepstrisIndian Wolf C. L. Pallipes Pakistan
88%
Eurasian Wolf C. L. Lupus Poland
88%
Steppe Wolf C. L. CamepstrisEurasian Wolf C. L. Lupus Serbia
88%
Eurasian Wolf C. L. Lupus Slovenia
88%
Steppe Wolf C. L. CamepstrisIndian Wolf C. L. Pallipes Turkey
88%
Steppe Wolf C. L. CamepstrisIndian Wolf C. L. Pallipes Afghanistan
82%
Eurasian Wolf C. L. Lupus Belarus
82%
Eurasian Wolf C. L. Lupus Bosnia and Herzegovina
82%
Eurasian Wolf C. L. Lupus Czechia
82%
Eurasian Wolf C. L. Lupus Estonia
82%
Eurasian Wolf C. L. Lupus Finland
82%
Eurasian Wolf C. L. Lupus Germany
82%
Eurasian Wolf C. L. Lupus Greece
82%
Eurasian Wolf C. L. Lupus Hungary
82%
Arabian Wolf C. L. Arab Israel
82%
Eurasian Wolf C. L. Lupus Kosovo
82%
Arabian Wolf C. L. Arab Oman
82%
Steppe Wolf C. L. Camepstris Romania
82%
Eurasian Wolf C. L. Lupus Slovakia
82%
Eurasian Wolf C. L. Lupus Sweden
82%
Indian Wolf C. L. Pallipes Syria
82%
Arabian Wolf C. L. Arab Yemen
82%
Steppe Wolf C. L. Camepstris Armenia
76%
Steppe Wolf C. L. Camepstris Azerbaijan
76%
Eurasian Wolf C. L. Lupus Bulgaria
76%
Arabian Wolf C. L. Arab Egypt
76%
Steppe Wolf C. L. Camepstris Georgia
76%
Steppe Wolf C. L. CamepstrisEurasian Wolf C. L. Lupus Kazakhstan
76%
Arabian Wolf C. L. Arab Kuwait
76%
Himalayan Wolf C. L. Chanco North Korea
76%
Eurasian Wolf C. L. Lupus North Macedonia
76%
Himalayan Wolf C. L. Chanco South Korea
76%
Steppe Wolf C. L. Camepstris Uzbekistan
76%
Steppe Wolf C. L. Camepstris Kyrgyzstan
71%
Steppe Wolf C. L. Camepstris Turkmenistan
71%
Steppe Wolf C. L. Camepstris Moldova
65%
Steppe Wolf C. L. Camepstris Tajikistan
65%
No matching quizzes found
Score Distribution
Percent of People with Each Score
Percentile by Number Answered
Your Score History
You have not taken this quiz